000 00781nam a2200229 i 4500
003 DO-SdBNP
005 20230929141150.0
006 a||||gr|||| 00| 0
007 ta
008 230929e2013 dr a|||| |||| 00| 0bspa d
040 _aDO-SdBNP
_bspa
_cBNPHU
_erda
082 1 _222
_bR896L
245 1 0 _aVicente Rubio y su amor por República Dominicana. /
_cJuan José de León Lastra. edición al cuidado de Rafael Bello Peguero.
264 1 _aSanto Domingo :
_bAmigo del Hogar,
_c2013
300 _a11 páginas :
_bIlustraciones ;
_c23 cm.
336 _2rdacontent
_atexto
_btxt
337 _2rdamedia
_asin mediación
_bn
338 _2rdacarrier
_avolumen
_bnc
590 _aInventariado 2023 / MF
600 4 _aRubio, Vicente,
_cFray,
_d1923-2006
_946413
_xBiogrfía
942 _2ddc
_cLF2
999 _c55016
_d55016